Forestry and land use (Record no. 88203)

MARC details
000 -LEADER
fixed length control field 00513cam a2200205 4500
001 - CONTROL NUMBER
control field D15403
008 - FIXED-LENGTH DATA ELEMENTS--GENERAL INFORMATION
fixed length control field 090401t1982 xxu||||| |||| 00| 0 eng d
035 ## - SYSTEM CONTROL NUMBER
System control number (Sirsi) u22540
041 ## - LANGUAGE CODE
Language code of text/sound track or separate title eng
050 ## - LIBRARY OF CONGRESS CALL NUMBER
Classification number 634.9
090 ## - LOCALLY ASSIGNED LC-TYPE CALL NUMBER (OCLC); LOCAL CALL NUMBER (RLIN)
Classification number (OCLC) (R) ; Classification number, CALL (RLIN) (NR) RICS 1982/5ABC
110 ## - MAIN ENTRY--CORPORATE NAME
Corporate name or jurisdiction name as entry element Royal Institution of Chartered Surveyors
9 (RLIN) 4900
245 ## - TITLE STATEMENT
Title Forestry and land use
260 ## - PUBLICATION, DISTRIBUTION, ETC.
Name of publisher, distributor, etc. RICS
Date of publication, distribution, etc. 1982
300 ## - PHYSICAL DESCRIPTION
Extent 16p. 30cm
350 ## - PRICE (NR) (BK AM CF MU VM SE) [OBSOLETE]
Price 0
520 ## - SUMMARY, ETC.
Summary, etc. Field in box RICS 1982/5 ABC; GCPA Report (82) 1
942 ## - ADDED ENTRY ELEMENTS (KOHA)
Suppress in OPAC 0
948 ## - LOCAL PROCESSING INFORMATION (OCLC); SERIES PART DESIGNATOR (RLIN)
c (OCLC) 04/03/1997
Holdings
Withdrawn status Lost status Source of classification or shelving scheme Damaged status Not for loan Home library Current library Shelving location Date acquired Total Checkouts Full call number Barcode Date last seen Copy number Price effective from Koha item type
    Dewey Decimal Classification     Historic collection Historic collection RICS Boxes 08/01/1992   RICS 1982/5 30024825 06/08/2019 1 06/08/2019 Archive
    Dewey Decimal Classification     London London RICS Boxes 14/09/1999   RICS 1982/5 30006923 06/08/2019 1 06/08/2019 Reference material
    Dewey Decimal Classification     London London RICS Boxes 09/08/1991   RICS 1982/5 30006924 06/08/2019 2 06/08/2019 Book